National Assembly Library of Thailand

วัฒนธรรมการเกษตรในสังคมไทย : ระบบการเกษตร (ระเบียนเลขที่ 29811)

รายละเอียดในรูปแบบ MARC
000 -LEADER
fixed length control field 01201nam a22002657a 4500
005 - DATE AND TIME OF LATEST TRANSACTION
control field 20210325191852.0
008 - FIXED-LENGTH DATA ELEMENTS--GENERAL INFORMATION
fixed length control field s2539 th tha d
041 ## - LANGUAGE CODE
Language code of text/sound track or separate title tha
090 ## - LOCALLY ASSIGNED LC-TYPE CALL NUMBER (OCLC); LOCAL CALL NUMBER (RLIN)
Classification number (OCLC) (R) ; Classification number, CALL (RLIN) (NR) ว SB191.5 ก774ว 2539
100 0# - MAIN ENTRY--PERSONAL NAME
Personal name เกศินี ปายะนันทน์
245 10 - TITLE STATEMENT
Title วัฒนธรรมการเกษตรในสังคมไทย : ระบบการเกษตร
246 ## - VARYING FORM OF TITLE
Title proper/short title Thai agrarian culture : agrarian system
260 3# - PUBLICATION, DISTRIBUTION, ETC.
Place of publication, distribution, etc. กรุงเทพฯ :
Name of publisher, distributor, etc. มหาวิทยาลัยเกษตรศาสตร์,
Date of publication, distribution, etc. 2539
300 ## - PHYSICAL DESCRIPTION
Extent 85 หน้า :
Other physical details ตาราง, แผนภูมิ, กราฟ ;
Dimensions 29 ซม.
650 04 - SUBJECT ADDED ENTRY--TOPICAL TERM
Topical term or geographic name entry element ข้าว -- การปลูก -- วิจัย
650 04 - SUBJECT ADDED ENTRY--TOPICAL TERM
Topical term or geographic name entry element ข้าว -- วิจัย
650 04 - SUBJECT ADDED ENTRY--TOPICAL TERM
Topical term or geographic name entry element ผลิตผลเกษตร -- วิจัย
650 04 - SUBJECT ADDED ENTRY--TOPICAL TERM
Topical term or geographic name entry element เกษตรกร -- วิจัย
650 04 - SUBJECT ADDED ENTRY--TOPICAL TERM
Topical term or geographic name entry element เกษตรกรรม -- วิจัย
650 04 - SUBJECT ADDED ENTRY--TOPICAL TERM
Topical term or geographic name entry element เทคโนโลยีการเกษตร -- วิจัย
850 ## - HOLDING INSTITUTION
Holding institution NALT
942 ## - ADDED ENTRY ELEMENTS (KOHA)
Koha item type Research/Thesis
997 ## -
-- 000000000029811
-- VC
998 ## - LOCAL CONTROL INFORMATION (RLIN)
-- SANG-AROON ANU-KRAUGH
รายการที่มีในห้องสมุด
Withdrawn status Lost status Damaged status Not for loan Collection code Home library Current library Total Checkouts Full call number Barcode Date last seen Price effective from Koha item type
        Research & Theses collection National Assembly Library of Thailand National Assembly Library of Thailand   ว SB191.5 ก774ว 2539 3961133009 09/06/2017 09/06/2017 Research/Thesis
หอสมุดรัฐสภา
สำนักงานเลขาธิการสภาผู้แทนราษฎร เลขที่ 1111 ถนนสามเสน แขวงถนนนครไชยศรี เขตดุสิต กรุงเทพฯ 10300
The Secretariat of the House of Representatives 1111 Samsen Road, Thanon Nakhon Chai Si, Dusit, Bangkok 10300, THAILAND
โทรศัพท์: +66(0) 2242 5900 ต่อ 5714-5 โทรสาร: +66(0) 2242 5990 อีเมล: [email protected]